000 00770cam a22002657a 4500
003 CHAP
005 20220329135522.0
008 971013s1960 r 00010 d
010 _a37962
011 _a38934
035 _a43054
040 _cCHAP
082 0 0 _a631.2
_bQ45
_21960
100 0 0 _aQuintanar Arellano, Francisco.
_993387
245 1 3 _aLa granja :
_bapuntes de construcciones rurales
250 _a4 ed.
260 _aMéxico, D. F. :
_b(s.e.),
_c1960
300 _a126 p.
_b: ilus.
590 _aBATCH-UPD
_b10
_c20130110
_lUCH01
_h1500
590 _aCONVERSION
_b10
_c20130109
_lUCH01
_h1321
650 1 4 _aConstrucciones rurales.
_927378
901 _aBK
942 _cLIBRO
949 _a631.2 Q45 1960
_bBC
_cLIBRO
_d33724000056305
_eLIBRO
_h33824
_i43054
_si
999 _c37962
_d37962